موسوعة وصف مصر / (Record no. 18656)
[ view plain ]
| 000 -الفاتح | |
|---|---|
| حقل البيانات ثابتة الطول | 06152nam a2200745 i 4500 |
| 003 - محدد رقم الضبط | |
| رقم الضبط | EG-ScBUE |
| 005 - وقت وتاريخ اخر تعامل مع التسجيلة | |
| رقم الضبط | 20240205150401.0 |
| 008 - عناصر البيانات ثابتة الطول - معلومات عامة | |
| حقل البيانات ثابتة الطول | 141120m20022003ua a f be 001 0 ara d |
| 020 ## - الرقم الدولى المعيارى للكتب | |
| الرقم الدولى المعيارى للكتاب | 9770180722 (ج.1) |
| 020 ## - الرقم الدولى المعيارى للكتب | |
| الرقم الدولى المعيارى للكتاب | 9770180730 (ج.2) |
| 020 ## - الرقم الدولى المعيارى للكتب | |
| الرقم الدولى المعيارى للكتاب | 9770180750 (ج.3) |
| 020 ## - الرقم الدولى المعيارى للكتب | |
| الرقم الدولى المعيارى للكتاب | 9770180777 (ج.4) |
| 020 ## - الرقم الدولى المعيارى للكتب | |
| الرقم الدولى المعيارى للكتاب | 9770180785 (ج.5) |
| 020 ## - الرقم الدولى المعيارى للكتب | |
| الرقم الدولى المعيارى للكتاب | 9770180793 (6.ج) |
| 020 ## - الرقم الدولى المعيارى للكتب | |
| الرقم الدولى المعيارى للكتاب | 9770180802 (ج.7) |
| 020 ## - الرقم الدولى المعيارى للكتب | |
| الرقم الدولى المعيارى للكتاب | 9770180812 (ج.8) |
| 020 ## - الرقم الدولى المعيارى للكتب | |
| الرقم الدولى المعيارى للكتاب | 9770180823 (ج.9) |
| 020 ## - الرقم الدولى المعيارى للكتب | |
| الرقم الدولى المعيارى للكتاب | 9770180832 (ج.10) |
| 020 ## - الرقم الدولى المعيارى للكتب | |
| الرقم الدولى المعيارى للكتاب | 9770180842 (ج.11) |
| 020 ## - الرقم الدولى المعيارى للكتب | |
| الرقم الدولى المعيارى للكتاب | 9770182486 (ج.12) |
| 020 ## - الرقم الدولى المعيارى للكتب | |
| الرقم الدولى المعيارى للكتاب | 9770182508 (ج.13) |
| 020 ## - الرقم الدولى المعيارى للكتب | |
| الرقم الدولى المعيارى للكتاب | 9770182494 (ج.14) |
| 020 ## - الرقم الدولى المعيارى للكتب | |
| الرقم الدولى المعيارى للكتاب | 97701859061 (ج.15) |
| 020 ## - الرقم الدولى المعيارى للكتب | |
| الرقم الدولى المعيارى للكتاب | 9770185914 (ج.16) |
| 020 ## - الرقم الدولى المعيارى للكتب | |
| الرقم الدولى المعيارى للكتاب | 9770185922 (ج.17) |
| 020 ## - الرقم الدولى المعيارى للكتب | |
| الرقم الدولى المعيارى للكتاب | 9770187386 (ج.18) |
| 020 ## - الرقم الدولى المعيارى للكتب | |
| الرقم الدولى المعيارى للكتاب | 9770185949 (ج.19) |
| 020 ## - الرقم الدولى المعيارى للكتب | |
| الرقم الدولى المعيارى للكتاب | 9770185930 (ج.20) |
| 020 ## - الرقم الدولى المعيارى للكتب | |
| الرقم الدولى المعيارى للكتاب | 9770187399 (ج.21) |
| 020 ## - الرقم الدولى المعيارى للكتب | |
| الرقم الدولى المعيارى للكتاب | 9770187402 (ج.22) |
| 020 ## - الرقم الدولى المعيارى للكتب | |
| الرقم الدولى المعيارى للكتاب | 9770187410 (ج.23) |
| 020 ## - الرقم الدولى المعيارى للكتب | |
| الرقم الدولى المعيارى للكتاب | 9770187429 (ج.24) |
| 020 ## - الرقم الدولى المعيارى للكتب | |
| الرقم الدولى المعيارى للكتاب | 9770187437 (ج.25) |
| 020 ## - الرقم الدولى المعيارى للكتب | |
| الرقم الدولى المعيارى للكتاب | 9770187445 (ج.26) |
| 020 ## - الرقم الدولى المعيارى للكتب | |
| الرقم الدولى المعيارى للكتاب | 9770187453 (ج.27) |
| 020 ## - الرقم الدولى المعيارى للكتب | |
| الرقم الدولى المعيارى للكتاب | 9770187461 (ج.28) |
| 020 ## - الرقم الدولى المعيارى للكتب | |
| الرقم الدولى المعيارى للكتاب | 9770190748 (ج. 29- ج.30- ج.31) |
| 020 ## - الرقم الدولى المعيارى للكتب | |
| الرقم الدولى المعيارى للكتاب | 9770190756 (ج.32) |
| 020 ## - الرقم الدولى المعيارى للكتب | |
| الرقم الدولى المعيارى للكتاب | 9770190764 (ج.33) |
| 020 ## - الرقم الدولى المعيارى للكتب | |
| الرقم الدولى المعيارى للكتاب | 9770190772 (ج.34) |
| 020 ## - الرقم الدولى المعيارى للكتب | |
| الرقم الدولى المعيارى للكتاب | 9770190780 (ج.35) |
| 020 ## - الرقم الدولى المعيارى للكتب | |
| الرقم الدولى المعيارى للكتاب | 9770190799 (ج.36) |
| 020 ## - الرقم الدولى المعيارى للكتب | |
| الرقم الدولى المعيارى للكتاب | 9770190802 (ج.37) |
| 040 ## - مصدر الفهرسة | |
| وكالة الفهرسة الأصلية | EG-ScBUE |
| لغة الفهرسة | ara |
| قواعد الوصف | rda |
| وكالة النسخ | EG-ScBUE |
| وكالة التعديل | EG-ScBUE |
| 041 1# - رمز اللغة | |
| رمز لغة النص/ المسارات الصوتية أو العنوان الانفرادي | ara |
| رمز لغة الترجمات و/او الاصلية المتوسطة للنص | fre |
| 043 ## - رمز المنطقة الجغرافية | |
| رمز المنطقة الجغرافية | f-ua--- |
| 082 04 - رقم تصنيف ديوى العشرى | |
| رقم التصنيف | 962.03 |
| رقم المادة | م و س |
| رقم الطبعة | 22 |
| 245 00 - بيان العنوان | |
| العنوان | موسوعة وصف مصر / |
| بيان المسئوليه,etc | تأليف علماء الحملة الفرنسية ؛ ترجمه زهير الشايب، منى زهير الشايب. |
| 264 #1 - النشر، التوزيع | |
| مكان الناشر او الموزع | [القاهرة] : |
| اسم الناشر او الموزع | الهيئة المصرية العامة للكتاب، |
| تاريخ النشر أو التوزيع | 2002-2003. |
| 300 ## - الوصف المادى | |
| التعداد | 37 جزء، 35 مجلد : |
| تفاصيل ماديه اخرى للوعاء | إيضاحيات ؛ |
| أبعاد الوعاء | 30 سم. |
| 336 ## - نوع المحتوى | |
| source | rdacontent |
| Carrier Type Term | نص |
| Content Type Code | txt |
| 337 ## - نوع الوسيط | |
| Media Type Term | بدون وسيط |
| source | rdamedia |
| Media Type Code | n |
| 338 ## - نوع الحامل أو الناقل | |
| Carrier Type Term | مجلد |
| Carrier Type Code | nc |
| source | rdacarrier |
| 490 0# - بيان السلسلة | |
| عنوان السلسلة | مهرجان القراءة للجميع. |
| -- | مكتبة الأسرة |
| 504 ## - تبصرة ببليوجرافية | |
| تبصرة ببليوجرافية,الخ | يشتمل على إرجاعات ببليوجرافية وكشافات. |
| 505 0# - تبصرة محتويات-الفهرس | |
| تبصرة المحتويات المصاغة | المحتويات : ج.1.المصريون المحدثون-ج.2. العرب فى ريف مصر وصحراواتها-ج.3. دراسات عن المدن والأقاليم المصرية-ج.4. الزراعة- الصناعات والحرف- التجارة-ج.5. النظام المالي والإداري فى مصر العثمانية-ج.6. الموازين والنقود-ج.7. الموسيقى والغناء عند القدماء المصريين-ج.8. الموسيقى والغناء عند المصريين المحدثين-ج.9. الآلآت الموسيقية المستخدمة عند المصريين المحدثين-ج.10. مدينة القاهرة والخطوط العربية على عمائر القاهرة-ج.11. قاهرة المماليك-ج.12. مقياس النيل-ج.13.لوحات الدولة الحديثة(1)-ج.14. لوحات الدولة الحديثة(2)-ج.15. لوحات الدولة القديمة-ج.16. لوحات الدولة القديمة-ج.17. لوحات الدولة القديمة-ج.18. لوحات الدولة القديمة-ج.19. لوحات الدولة القديمة-ج.20. وصف آثار جزيرة فيلة / أاسوان والشلالات / الفنتين / كوم امبو ادفو/ اسنا/ ارمنت، ج.21. وصف آثار مدينة طيبة (الأقصر)-ج.22. وصف آثار طيبة/ دندرة/ قفط/ قوص/ دراسة للآثار الفلكية-ج.23. وصف آثار أبيدوس/ قاو الكبير/ أسيوط/ الأشمونين/ أنتينويه "الشيخ عبادة" مصر الوسطى/ الفيوم، ج.24. وصف آثار منف/ بابيلون/ هيلوبوليس/ صان الحجر/ السويس/ الدلتا/ الأسكندرية-ج.25. دراسات حول مقياس النيل فى الفنتين/ المقاييس المصرية/ مقابر الكاب/ أوانى الموران/ تجارة الصعيد/ الأبراج الفلكية/ التحنيط، ج.26. نظم القياس عند المصريين القدماء وشعوب العالم القديم-ج.27-. آثر فارسي من خليج السويس المقاييس الزراعية لدى قدماء المصريين دراسات فلكية-ج.28. دراسات حول العلوم ونظام الحكم فى مصر القديمة/ الآثار الفلكية/ العلامات الرقمية/ سكان مصر قديما وحديثا/ تاريخ صناعة الزجاج/ أهرامات الجيزة/ وصف آثار مدينة القاهرة/ نصوص قديمة/ أهرامات مصر-ج.29-30-31- (التاريخ الطبيعى) لوحات التاريخ الطبيعى/ الثدييات/ الطيور/ الزواحف/ الأسماك/ الحيوان/ اللافقاريات/ النبات/ المعادن والصخور-ج.32-. (التاريخ الطبيعى) الزراعة/ النباتات/ الأرصاد الجوية، ج. 33.(التاريخ الطبيعى) البنية الطبيعية لارض مصر (1)/ وادى التيه/ وادى مصر/ وادى القصير/ الصخور المصرية/ طمى النيل-ج.34. (التاريخ الطبيعى) البنية الطبيعية لأرض مصر (2)/ الصخور والمعادن/ اللافقاريات (الديدان)-ج. 35. (التاريخ الطبيعي) اللافقاريات/ الحشرات-ج.36. (التاريخ الطبيعى) اللافقاريات/ الثدييات/ الطيور-ج.37. (التاريخ الطبيعى) الزواحف/ الأسماك. |
| 546 ## - تبصرة اللغة | |
| تبصرة اللغة | النص باللغة العربية ؛ مترجم من الفرنسية. |
| 651 #7 - المدخل الاضافى بالموضوع - اسم جغرافى | |
| مصدر الرأس أو المصطلح | BUEsh |
| الاسم الجغرافي | مصر |
| التقسيم الفرعي العام | تاريخ |
| التقسيم الفرعي الزمني | الحملة الفرنسية |
| التقسيم الفرعي الشكلي | دوائر معارف. |
| 9 (RLIN) | 36635 |
| 653 ## - مصطلح تكشيفى غير مقيد | |
| Resource For college | Arabic Literature |
| Arrived date list | November2014 |
| 655 ## - مصطلح تكشيفى-نوع/شكل | |
| التقسيم الفرعي الشكلي | Reading book |
| 700 1# - المدخل الاضافى - اسم شخصى | |
| الإسم الشخصى | شايب، منى زهير، |
| الدور | مترجم. |
| 9 (RLIN) | 36636 |
| 700 1# - المدخل الاضافى - اسم شخصى | |
| الإسم الشخصى | شايب، زهير، |
| الدور | مترجم. |
| 9 (RLIN) | 36637 |
| 830 #0 - المدخل الاضافى بالسلسلة -عنوان موحد | |
| عنوان موحد | مهرجان القراءة للجميع. |
| اسم جزء/قسم العمل | مكتبة الأسرة |
| 942 ## - عناصر المدخل الإضافي( كوها) | |
| مصدر التصنيف او مخطط الترفيف | Dewey Decimal Classification |
| حالة التراجع | حالة الفقد | مصدر التصنيف او خطة الترفيف | حالة تلف | ليس للاعارة | مجموعات كوها | المكان الدائم | المكان الحالي | موقع الترفيف | تاريخ الاكتساب | Source of acquisition | سعر الشراء الطبيعي | رقم الاستدعاء | الباركود | Date last seen | التكلفة | نوع الوعاء | تبصرة عامة | تحديد مواد ( مجلدات مجمعه أو جزء أخر) |
|---|---|---|---|---|---|---|---|---|---|---|---|---|---|---|---|---|---|---|
| Dewey Decimal Classification | سور الازبكية | Central Library | Central Library | Second Floor | 20/11/2014 | 7.00 | 962.03 م و س | 000029723 | 15/07/2025 | 9.00 | NB - Book (Non borrowing) | ج.1. | ||||||
| Dewey Decimal Classification | سور الازبكية | Central Library | Central Library | Second Floor | 20/11/2014 | 7.00 | 962.03 م و س | 000029722 | 15/07/2025 | 9.00 | NB - Book (Non borrowing) | ج.2. | ||||||
| Dewey Decimal Classification | سور الازبكية | Central Library | Central Library | Second Floor | 20/11/2014 | 7.00 | 962.03 م و س | 000029724 | 15/07/2025 | 9.00 | NB - Book (Non borrowing) | ج.3. | ||||||
| Dewey Decimal Classification | سور الازبكية | Central Library | Central Library | Second Floor | 20/11/2014 | 7.00 | 962.03 م و س | 000029725 | 15/07/2025 | 9.00 | NB - Book (Non borrowing) | ج.4. | ||||||
| Dewey Decimal Classification | سور الازبكية | Central Library | Central Library | Second Floor | 20/11/2014 | Purchase | 7.00 | 962.03 م و س | 000029726 | 15/07/2025 | 9.00 | NB - Book (Non borrowing) | ج.5. | |||||
| Dewey Decimal Classification | سور الازبكية | Central Library | Central Library | Second Floor | 20/11/2014 | Purchase | 7.00 | 962.03 م و س | 000029727 | 15/07/2025 | 9.00 | NB - Book (Non borrowing) | ج.6. | |||||
| Dewey Decimal Classification | سور الازبكية | Central Library | Central Library | Second Floor | 20/11/2014 | 7.00 | 962.03 م و س | 000029728 | 15/07/2025 | 9.00 | NB - Book (Non borrowing) | ج.7. | ||||||
| Dewey Decimal Classification | سور الازبكية | Central Library | Central Library | Second Floor | 20/11/2014 | 7.00 | 962.03 م و س | 000029729 | 15/07/2025 | 9.00 | NB - Book (Non borrowing) | ج.8. | ||||||
| Dewey Decimal Classification | سور الازبكية | Central Library | Central Library | Second Floor | 20/11/2014 | 7.00 | 962.03 م و س | 000029730 | 15/07/2025 | 9.00 | NB - Book (Non borrowing) | ج.9. | ||||||
| Dewey Decimal Classification | سور الازبكية | Central Library | Central Library | Second Floor | 20/11/2014 | 7.00 | 962.03 م و س | 000029731 | 15/07/2025 | 9.00 | NB - Book (Non borrowing) | ج.10. | ||||||
| Dewey Decimal Classification | سور الازبكية | Central Library | Central Library | Second Floor | 20/11/2014 | 7.00 | 962.03 م و س | 000029732 | 15/07/2025 | 9.00 | NB - Book (Non borrowing) | ج.11. | ||||||
| Dewey Decimal Classification | سور الازبكية | Central Library | Central Library | Second Floor | 20/11/2014 | 7.00 | 962.03 م و س | 000029733 | 15/07/2025 | 9.00 | NB - Book (Non borrowing) | ج.12. | ||||||
| Dewey Decimal Classification | سور الازبكية | Central Library | Central Library | Second Floor | 20/11/2014 | 7.00 | 962.03 م و س | 000029734 | 15/07/2025 | 9.00 | NB - Book (Non borrowing) | ج.13. | ||||||
| Dewey Decimal Classification | سور الازبكية | Central Library | Central Library | Second Floor | 20/11/2014 | 7.00 | 962.03 م و س | 000029735 | 15/07/2025 | 9.00 | NB - Book (Non borrowing) | ج.14. | ||||||
| Dewey Decimal Classification | سور الازبكية | Central Library | Central Library | Second Floor | 20/11/2014 | 7.00 | 962.03 م و س | 000029736 | 15/07/2025 | 9.00 | NB - Book (Non borrowing) | ج.15. | ||||||
| Dewey Decimal Classification | سور الازبكية | Central Library | Central Library | Second Floor | 20/11/2014 | 7.00 | 962.03 م و س | 000029737 | 15/07/2025 | 9.00 | NB - Book (Non borrowing) | ج.16. | ||||||
| Dewey Decimal Classification | سور الازبكية | Central Library | Central Library | Second Floor | 20/11/2014 | 7.00 | 962.03 م و س | 000029738 | 15/07/2025 | 9.00 | NB - Book (Non borrowing) | ج.17. | ||||||
| Dewey Decimal Classification | سور الازبكية | Central Library | Central Library | Second Floor | 20/11/2014 | 7.00 | 962.03 م و س | 000029739 | 15/07/2025 | 9.00 | NB - Book (Non borrowing) | ج.18. | ||||||
| Dewey Decimal Classification | سور الازبكية | Central Library | Central Library | Second Floor | 20/11/2014 | 7.00 | 962.03 م و س | 000029740 | 15/07/2025 | 9.00 | NB - Book (Non borrowing) | ج.19. | ||||||
| Dewey Decimal Classification | سور الازبكية | Central Library | Central Library | Second Floor | 20/11/2014 | 7.00 | 962.03 م و س | 000029741 | 15/07/2025 | 9.00 | NB - Book (Non borrowing) | ج.20. | ||||||
| Dewey Decimal Classification | سور الازبكية | Central Library | Central Library | Second Floor | 20/11/2014 | 7.00 | 962.03 م و س | 000029742 | 15/07/2025 | 9.00 | NB - Book (Non borrowing) | ج.21. | ||||||
| Dewey Decimal Classification | سور الازبكية | Central Library | Central Library | Second Floor | 20/11/2014 | 7.00 | 962.03 م و س | 000029744 | 15/07/2025 | 9.00 | NB - Book (Non borrowing) | ج.22. | ||||||
| Dewey Decimal Classification | سور الازبكية | Central Library | Central Library | Second Floor | 20/11/2014 | 7.00 | 962.03 م و س | 000029743 | 15/07/2025 | 9.00 | NB - Book (Non borrowing) | ج.32. | ||||||
| Dewey Decimal Classification | سور الازبكية | Central Library | Central Library | Second Floor | 20/11/2014 | 7.00 | 962.03 م و س | 000029745 | 15/07/2025 | 9.00 | NB - Book (Non borrowing) | ج.24. | ||||||
| Dewey Decimal Classification | سور الازبكية | Central Library | Central Library | Second Floor | 20/11/2014 | 7.00 | 962.03 م و س | 000029746 | 15/07/2025 | 9.00 | NB - Book (Non borrowing) | ج.25. | ||||||
| Dewey Decimal Classification | سور الازبكية | Central Library | Central Library | Second Floor | 20/11/2014 | 7.00 | 962.03 م و س | 000029747 | 15/07/2025 | 9.00 | NB - Book (Non borrowing) | ج.26. | ||||||
| Dewey Decimal Classification | سور الازبكية | Central Library | Central Library | Second Floor | 20/11/2014 | 7.00 | 962.03 م و س | 000029748 | 15/07/2025 | 9.00 | NB - Book (Non borrowing) | ج.27. | ||||||
| Dewey Decimal Classification | سور الازبكية | Central Library | Central Library | Second Floor | 20/11/2014 | 7.00 | 962.03 م و س | 000029749 | 15/07/2025 | 9.00 | NB - Book (Non borrowing) | ج.28. | ||||||
| Dewey Decimal Classification | سور الازبكية | Central Library | Central Library | Second Floor | 20/11/2014 | 7.00 | 962.03 م و س | 000029750 | 15/07/2025 | 9.00 | NB - Book (Non borrowing) | ج.29-30-31. | ||||||
| Dewey Decimal Classification | سور الازبكية | Central Library | Central Library | Second Floor | 20/11/2014 | 7.00 | 962.03 م و س | 000029751 | 15/07/2025 | 9.00 | NB - Book (Non borrowing) | ج.32. | ||||||
| Dewey Decimal Classification | سور الازبكية | Central Library | Central Library | Second Floor | 20/11/2014 | 7.00 | 962.03 م و س | 000029752 | 15/07/2025 | 9.00 | NB - Book (Non borrowing) | ج.33. | ||||||
| Dewey Decimal Classification | سور الازبكية | Central Library | Central Library | Second Floor | 20/11/2014 | 7.00 | 962.03 م و س | 000029753 | 15/07/2025 | 9.00 | NB - Book (Non borrowing) | ج.34. | ||||||
| Dewey Decimal Classification | سور الازبكية | Central Library | Central Library | Second Floor | 20/11/2014 | 7.00 | 962.03 م و س | 000029754 | 15/07/2025 | 9.00 | NB - Book (Non borrowing) | ج.35. | ||||||
| Dewey Decimal Classification | سور الازبكية | Central Library | Central Library | Second Floor | 20/11/2014 | 7.00 | 962.03 م و س | 000029755 | 15/07/2025 | 9.00 | NB - Book (Non borrowing) | ج.36. | ||||||
| Dewey Decimal Classification | سور الازبكية | Central Library | Central Library | Second Floor | 20/11/2014 | 7.00 | 962.03 م و س | 000029756 | 15/07/2025 | 9.00 | NB - Book (Non borrowing) | ج.37. |